Communication Skill (Record no. 3644)

MARC details
000 -LEADER
fixed length control field 00381nam a22001697a 4500
005 - DATE AND TIME OF LATEST TRANSACTION
control field 20160623110022.0
008 - FIXED-LENGTH DATA ELEMENTS--GENERAL INFORMATION
fixed length control field 160623b xxu||||| |||| 00| 0 eng d
020 ## - INTERNATIONAL STANDARD BOOK NUMBER
ISBN 81-86314-50-4
041 ## - LANGUAGE CODE
Language code of text/sound track or separate title eng
082 ## - DEWEY DECIMAL CLASSIFICATION NUMBER
Item number 9294
100 ## - MAIN ENTRY--AUTHOR NAME
Personal name Ghanekar, Dr Anjali
245 ## - TITLE STATEMENT
Title Communication Skill
260 ## - PUBLICATION, DISTRIBUTION, ETC. (IMPRINT)
Name of publisher EPH
Year of publication 2007
300 ## - PHYSICAL DESCRIPTION
Number of Pages 202
650 ## - SUBJECT ADDED ENTRY--TOPICAL TERM
Topical Term Management
942 ## - ADDED ENTRY ELEMENTS (KOHA)
Koha item type Books
Holdings
Lost status Damaged status Collection code Home library Current library Shelving location Date acquired Full call number Accession Number Koha item type
    LIFE SKILL JRU Library JRU Library SHELF-102-D 23/06/2016 9294 9294 Books
      JRU Library   SHELF-102-D 23/06/2016 9294 9295 Books
    LIFE SKILL JRU Library JRU Library SHELF-102-D 23/06/2016 9294 9296 Books
    LIFE SKILL JRU Library JRU Library SHELF-102-D 23/06/2016 9294 9297 Books
      JRU Library     23/06/2016 9294 9298 Books
    LIFE SKILL JRU Library JRU Library SHELF-102-D 23/06/2016 9294 9299 Books
    LIFE SKILL JRU Library JRU Library SHELF-102-D 23/06/2016 9294 9300 Books
    LIFE SKILL JRU Library JRU Library SHELF-102-D 23/06/2016 9294 9301 Books
    LIFE SKILL JRU Library JRU Library SHELF-102-D 23/06/2016 9294 9302 Books
    LIFE SKILL JRU Library JRU Library SHELF-102-D 23/06/2016 9294 9303 Books
    LIFE SKILL JRU Library JRU Library SHELF-102-D 23/06/2016 9294 9304 Books
    LIFE SKILL JRU Library JRU Library SHELF-102-D 23/06/2016 9294 9305 Books